De Arte Peregrinandi Libri II. Variis Exemplis: Inprimis vero agri Neapolitani descriptione illustrati. Item Lib: II. de regimine iter agentium Quibus accesserunt in fine Qvaestiones Porcianae: Hoc Est, De Variis Italorum ingeniis: & de mulieribus sexus praestantia, Dialogi II. Singuli accuratè denuò recusi. Autorum nomina pagina aversa indicabit

Bibliographic Details
Main Author: Pyrckmair, Hilarius, 1550-1616 (Author)
Corporate Author: Gerlach, Katharina (Norimberg, Nemecko) (Printer)
Other Authors: Gerlach, Katharina, zomrela 1592 (Printer, Author of introduction, etc.)
Format: Book
Language:Latin
PhysicalDescription:181 listov 8° 15 × 9,5 cm
Published: [Nürnberg] [Gerlach, Katharina] M D XCI. [=1591]
Subjects:

MARC

LEADER 00000nam a2200000 a 4500
001 vtls001515707
003 SK-MaSNL
005 20260425235106.0
008 251112s1591 gw f 000 0 lat
015 |a SNBHFA1591 
020 |q viazané 
035 |a 12289aSkal 
035 |a urn:nbn:sk:snk-am3iw85 
035 |a 97A184DA-8A1F-4EB9-9823-FF86705DC75C 
035 |a urn:nbn:sk:snk-am00g6kp 
040 |a SNKHF  |b slo  |c SNK  |e AACR2 
041 0 |a lat 
044 |a ga  |c DE 
072 7 |a 101  |x Filozofia  |2 konspekt 
080 |a 17  |2 2011 
080 |a 94  |2 2011 
080 |a 61  |2 2011 
100 1 |a Pyrckmair, Hilarius,  |d 1550-1616  |4 aut  |9 129999 
245 1 0 |a De Arte Peregrinandi Libri II. Variis Exemplis: Inprimis vero agri Neapolitani descriptione illustrati. Item Lib: II. de regimine iter agentium  |b Quibus accesserunt in fine Qvaestiones Porcianae: Hoc Est, De Variis Italorum ingeniis: & de mulieribus sexus praestantia, Dialogi II. Singuli accuratè denuò recusi. Autorum nomina pagina aversa indicabit 
260 |a [Nürnberg]  |b [Gerlach, Katharina]  |c M D XCI. [=1591] 
300 |a 181 listov  |c 8°  |c 15 × 9,5 cm 
500 |a Vinety, vlysy, iniciálky s ornamentálnym pozadím vo voľnom priestore na 4 riadkov, titulný list v drevorezovom ráme s ornamentálnou výzdobou 
504 |a Marginálie, kustody 
508 |a Predslov 
510 4 |a VD 16 P/5424 
546 |a Latinčina  |b Antiqua  |b Kurzíva 
550 |a Impresum doplnené z VD 16 
561 |a Z knižnice františkánov Skalica.  |5 SNKIE 10458 
562 |a Defekt: niektoré strany vypadávajú z knihy; Rukopisné exlibrisy: Residentiae Calvariae inscript9 1723. - Joañis Rulandi D.  |5 SNKIE 10458 
563 |a Väzba: tmavožltý hladký pergamen so stopami po šnúrkach.  |5 SNKIE 10458 
650 0 7 |a medicína  |2 SNKPH  |9 899 
650 0 7 |a filozofia  |2 SNKPH  |9 793 
650 0 7 |a dejiny  |2 SNKPH  |9 3825 
700 1 |a Lovintus, Antiochus,  |d 1541-1591  |4 oth  |9 530979 
700 1 |a Ruland, Ján  |4 fmo  |9 195866 
700 1 |a Gratarolo, Guglielmo,  |d 1516-1568  |4 oth  |9 53704 
700 1 |a Landi, Ortensio,  |d 1513-okolo 1555  |4 oth  |9 72054 
700 1 |a Turler, Hieronymus,  |d 1550-1602  |4 oth  |9 131043 
700 1 |a Gerlach, Katharina,  |d zomrela 1592  |4 prt  |4 aui  |9 127867 
700 1 |a Scève, Maurice,  |d okolo 1501-okolo 1564  |4 oth  |9 130372 
710 1 |a Františkáni (Skalica, Slovensko)  |4 fmo  |9 305294 
710 0 |a Gerlach, Katharina (Norimberg, Nemecko),  |d 1575-1591  |4 prt  |9 177262 
752 |a Nemecko  |d Norimberg 
852 |a snk  |b Františkáni Skalica  |p IE 10458 
958 |a ONDV 
958 |a DA 
999 |c 819303  |d 821233 
952 |t Fr Sk 12 289  |a SNK  |b SNK  |c SNK_HF  |y PREZ  |7 0  |p 17A1356215  |o snkIE 10458  |i snk2019/17370  |8 5  |0 0  |1 0  |4 0  |d 2005-04-05  |f 1  |l 0  |r 2005-04-05 00:00:00  |w 2026-02-24